Injection/transfer molding of thermosetting plastics

Bibliographic Details
Main Author: Wright, Ralph E. (Author)
Format: Book
Published: Munich : Hanser Publishers , 1995
Subjects:

MARC

LEADER 00000cam a2200000 7i4500
001 0000033638
005 20021119093000.0
008 021119n
020 |a 1569901473 
090 0 0 |a TP1150   |b .W75 1995 
100 0 |a Wright, Ralph E. ,   |e author 
245 0 0 |a Injection/transfer molding of thermosetting plastics   |c Ralph E. Wright 
260 2 |a Munich :   |b Hanser Publishers ,   |c 1995 
300 |a xii, 115 p. ; ;   |c 24 cm. 
504 |a Includes index 
650 0 |a Injection molding of plastics 
650 0 |a Thermosetting plastics 
999 |a 1000067177   |b Book   |c OPEN SHELF (30 DAYS)   |e Gong Badak Campus